00542nam a2200121Ia 4500008004100000245022900041260003500270260000900305300000800314500001900322650001300341856006600354170516s9999 xx 000 0 und d aFormulation and evaluation of press coated tablets of salbutamol sulphate for time controlled release M. D. Wasimul Hasan, Komuravelly Someshwar, Patha Chaitanya, Abdul Bari Mohd, Ande Pratyusha, Vattikuti Uma Maheshwara Rao bAsian Journal of Pharmaceutics c2014 a8:3 aJuly-September xPharmacy uhttp://www.asiapharmaceutics.info/index.php/ajp/issue/view/49